| 000 | 00533nam a2200181 a 4500 | ||
|---|---|---|---|
| 001 | 2569 | ||
| 003 | CO-ViMGA | ||
| 008 | 141112s2004 ck r 000 u spa d | ||
| 040 |
_aCO-ViMGA _bspa _cCO-ViMGA |
||
| 082 | 0 | 4 | _a794.1 L643 |
| 100 | 1 |
_aLoheac Ammoun, Frank _951547 |
|
| 245 | 1 | 0 |
_aCompruebe su nivel de ajedrez : _brefuerce su ataque y su defensa, desarrolle su razonamiento, calcule su nivel |
| 260 |
_aBarcelona : _bPaidotribo, _c1984 |
||
| 300 | _a312 p | ||
| 490 | _aCaisso | ||
| 650 | 1 | 4 |
_aAJEDREZ _95024 |
| 942 |
_2ddc _cBK |
||
| 999 |
_c14646 _d14646 |
||